000
00292nam a22001097a 4500
008
140526t xxu||||| |||| 00| 0 eng d
020
_a
81-904309-7-1
100
_a
R.K Behl
_9
883
245
_a
Resource Management towards sustainable Agriculture and development
300
_a
358
942
_2
ddc
_c
BK
999
_c
17123
_d
17123